[Event "AUT-chT2O 2223"]
[Site "Austria"]
[Date "2023.04.23"]
[Round "11.6"]
[White "Mayrhuber, Tobias"]
[Black "Knaus, Thomas"]
[Result "1-0"]
[WhiteElo "1995"]
[BlackElo "1860"]
[PlyCount "39"]
[EventDate "2022.10.15"]
[EventType "team-tourn"]
[EventRounds "11"]
[EventCountry "AUT"]
[SourceTitle "EXT 2024"]
[Source "ChessBase"]
[SourceDate "2023.10.10"]
[SourceVersion "1"]
[SourceVersionDate "2023.10.10"]
[SourceQuality "1"]
[WhiteTeam "Ottakring"]
[BlackTeam "Wien Austria"]
[WhiteTeamCountry "AUT"]
[BlackTeamCountry "AUT"]

1. e4 e6 2. d4 d5 3. Nd2 c5 4. Ngf3 Nc6 5. exd5 Nxd4 6. Nxd4 cxd4 7. Bb5+ Bd7 8. dxe6 fxe6 9. 0-0 g6 10. Bc4 Qb6 11. Nf3 Bg7 12. Re1 Rc8 13. Bb3 Rc6 14. Ne5 Bxe5 15. Rxe5 Ne7 16. Re4 d3 17. Qxd3 Rd6 18. Qe2 Rf8 19. Be3 Qc7 20. Bf4 1-0